000 00829nam a2200289Ia 4500
008 171025s9999 xx 000 0 und d
020 _a9781906155483
050 _a32.02
050 _bD767 2009
100 _aDraught Associates
245 _aVisual aid :
245 _bstuff you've forgotten, things you never thought you knew, and lessons you didn't quite get around to learning /
245 _cDraught Associates.
260 _aUnited Kingdom :
260 _bBlackdog,
260 _c2009
300 _aunpaged :
300 _bcolored illustrations ;
300 _c17cm.
650 _aCuriosities and wonders --
650 _aQuestions and answers --
650 _aSigns and symbols --
650 _xPictorial works.
650 _xPictorial works.
650 _xPictorial works.
700 _aTitle.
999 _c344645
_d344645